000 00924nmm a2200301 a 4500
001 ocm0001299543
003 TR-IsHL
005 20201028162420.0
008 160715s2011 tu tur
007 cr cn
020 _a9786051310626
035 _a1299543
_b(N$T)
050 0 4 _aQB500
_b.Ç35 2011
090 0 4 _aQB500
_b.Ç35 2011
100 1 _aÇakmak, Osman
245 1 0 _aGöklerin kapıları: Uzayın derinliklerine seyahat
_h[electronic resource] /
_cOsman Çakmak
260 _aİstanbul :
_bNesil Yayınları,
_c2011
300 _a161 p.
500 _aGöklerin kapıları
_x
650 4 _aAstronomi ve Uzay
650 4 _aAstronomy & Space Sciences
650 0 _aAstronomi
650 0 _aAstronomy
650 0 _aKozmoloji
650 0 _aCosmology
650 7 _aSCIENCE / Astronomy
_2bisacsh
856 4 0 _uhttp://search.ebscohost.com/login.aspx?direct=true&scope=site&db=e011xww&AN=1299543
999 _c14736
_d14736